| 000 | 00365nam a22001217a 4500 | ||
|---|---|---|---|
| 999 |
_c3246 _d3246 |
||
| 005 | 20201119144141.0 | ||
| 008 | 201119b ||||| |||| 00| 0 eng d | ||
| 020 | _a000595 | ||
| 040 | _cCML | ||
| 245 |
_aMuch to do About Education. _cCorbett A |
||
| 260 |
_aLondon _bCouncil for education Advance _c1998 |
||
| 942 |
_2ddc _cBK _e1st Edition _h0013.1 _mCOR |
||